Pokémon - Les attaques de Hyporoi - Statistiques

Statistiques générales
  • Ce quiz a été pris 17 fois
  • Le résultat moyen est 11 sur 15
Statistiques - réponses
Niveaux Types Noms des attaques % Correct
Niveau 44 Dragon Draco-Choc
100%
Niveau 51 Eau Hydrocanon
100%
Départ Normal Brouillard
90%
Niveau 58 Dragon Danse Draco
90%
Niveau 65 Eau Danse Pluie
90%
Niveau 20 Dragon Draco-Souffle
90%
Départ Dragon Ouragan
90%
Départ Eau Pistolet à O
90%
Niveau 25 Eau Bulles d'O
80%
Départ Normal Groz'Yeux
80%
Niveau 30 Psy Hâte
80%
Départ Eau Siphon
50%
Niveau 15 Normal Puissance
40%
Niveau 37 Normal Affilage
20%
Départ Normal Bâillement
10%
Aucun quiz correspondant
Distribution des résultats
% des personnes avec chaque résultat
Percentile par nombre de réponses
Votre historique - résultats
Vous n’avez pas pris ce quiz